Técnica de la impresión offset / (Record no. 74998)

MARC details
000 -LEADER
campo de control de longitud fija 00602nam a2200169 i 4500
001 - NÚMERO DE CONTROL
campo de control 74998
003 - IDENTIFICADOR DE NÚMERO DE CONTROL
campo de control ES-MaACL
007 - CAMPO FIJO DE DESCRIPCIÓN FÍSICA--INFORMACIÓN GENERAL
campo de control de longitud fija t|
008 - DATOS DE LONGITUD FIJA--INFORMACIÓN GENERAL
campo de control de longitud fija 040921s1965 sp ||||1| spa d
100 1# - ENTRADA PRINCIPAL--NOMBRE DE PERSONA
Nombre de persona Gottardello, C.
9 (RLIN) 59288
245 10 - MENCIÓN DEL TÍTULO
Título Técnica de la impresión offset /
Mención de responsabilidad, etc. original de C. y M. Gottardello ; [versión realizada por Biblioteca Profesional Salesiana].
260 ## - PUBLICACIÓN, DISTRIBUCIÓN, ETC.
Lugar de publicación, distribución, etc. Barcelona :
Nombre del editor, distribuidor, etc. [s.n.,
Fecha de publicación, distribución, etc. 1965] (
Fabricante Gráf. Salesiana)
300 ## - DESCRIPCIÓN FÍSICA
Extensión 318 p., 10 lám. :
Otras características físicas il. ;
Dimensiones 22 cm.
700 1# - ENTRADA AGREGADA--NOMBRE PERSONAL
Nombre de persona Gottardello, M.
9 (RLIN) 59289
710 2# - ENTRADA AGREGADA--NOMBRE DE ENTIDAD CORPORATIVA
Nombre de entidad corporativa o nombre de jurisdicción como elemento de entrada Biblioteca Profesional Salesiana.
9 (RLIN) 2203
852 ## - LOCALIZACIÓN
Ubicación ES-MaACL
Número de control de estantería E-685
Sublocalización o colección R.56688
Holdings
Estatus retirado Estado de pérdida Estado de daño No para préstamo Biblioteca de origen Biblioteca actual Ubicación en estantería Fecha de adquisición Fuente de adquisición Total de préstamos Signatura topográfica completa Código de barras Visto por última vez Precio de reemplazo Tipo de ítem Koha
        Biblioteca del Ateneo de Madrid Biblioteca del Ateneo de Madrid Depósito 2 17/01/2008     E-685 1078503 23/02/2023 23/02/2023 Libro impreso